Công nghệ sinh học
Gorde:
| Egile nagusia: | |
|---|---|
| Formatua: | Liburua |
| Hizkuntza: | Vietnamese |
| Argitaratua: |
Đại học quốc gia Tp.HCM
2001
|
| Etiketak: |
Etiketa erantsi
Etiketarik gabe, Izan zaitez lehena erregistro honi etiketa jartzen!
|
| Thư viện lưu trữ: | Mạng thư viện Đại học Đà Nẵng |
|---|
| LEADER | 00645nam a2200253 4500 | ||
|---|---|---|---|
| 001 | 000020986 | ||
| 003 | 17433 | ||
| 005 | 20150331150332.0 | ||
| 008 | 150331s2001 viesd | ||
| 020 | |c 46.000 | ||
| 041 | 0 | |a vie | |
| 082 | 1 | 4 | |a 660,6 |b NG-L |
| 100 | 1 | |a Nguyễn Đức Lượng | |
| 245 | 1 | 0 | |a Công nghệ sinh học |c Nguyễn Đức Lượng. |
| 260 | |b Đại học quốc gia Tp.HCM |c 2001 | ||
| 300 | |a tr. |c cm. | ||
| OWN | |a LSP | ||
| 999 | |a From the UDN01 | ||
| TYP | |a Monograph | ||
| TYP | |a Printed language | ||
| 980 | |a Mạng thư viện Đại học Đà Nẵng | ||